000 00428nam a2200157Ia 4500
003 OSt
005 20230606111754.0
008 211028s2009 xx 000 0 und d
040 _cAIMIT LIBRARY
041 _aeng
100 _aHemashri, M; Pilar, Bharathi.
_98202
_e071901
110 _aBharathi Pilar
_98203
245 _aWebsite for kanara chamber of commerce and industry.
260 _aMangalore
_c2009
942 _2ddc
_cPRO
999 _c219770
_d219770